01216nam a22002537a 4500008004100000020001500041020001800056082001700074100003100091245017500122260005600297300003800353504004100391650003000432653002100462655002400483700002600507700003800533942001700571999001700588952011900605952011900724952011900843140130s2001 gw ak grb 000 0 eng d a389691488X a978389691488004222a382bSCH1 934994aScherrer, Christoph10aGlobal rules for trade :bcodes of conduct, social labeling, worker's rights clauses /cChristoph Scherrer, Thomas Greven ; with contributions by Nina Ascoly ... [et al.] aMunster, Germany :bWestfalisches Dampfboot,c2001. a173 p. :bforms, tables ;c21 cm. aIncludes bibliographical reference.  094508aInternational trade bPolcJanuary2014 vreading book9342321 934995aGreven, Thomas1 934996aAscoly, Ninaecontributor. 2ddck382 SCH c17998d17970 00102ddc40708Donation-GaMAINbMAINc1STd2014-01-30eDonationl0o382 SCHp000035545r2025-07-15 00:00:00yBB 00102ddc40708Donation-GaMAINbMAINc1STd2014-01-30eDonationl0o382 SCHp000035546r2025-07-15 00:00:00yBB 00102ddc40708Donation-GaMAINbMAINc1STd2014-01-30eDonationl0o382 SCHp000035547r2025-07-15 00:00:00yBB